|
003 -Nazwa inst., której nr kontr. jest w polu 001 [,]
|
-
- @
- Nazwa instytucji, której n kontrolny jest w polu 001
- NUKAT
|
|
005 -DATA I CZAS OSTATNIEJ MODYFIKACJI [,]
|
-
- @
- pole kontrolne
- 20241231100643.0
|
|
020 -Międzynarod. znormalizowany nr książki - ISBN [ , ]
|
-
- a
- Numer ISBN
- 9788301141363
|
|
040 -Instytucja sporządzająca opis [ , ]
|
-
- a
- Instytucja, która sporządziła opis (NP)
- LUBL M/AB
-
- c
- Instytucja, która sporządziła rekord (NP)
- LUBL M/ABs
-
- d
- Instytucja, która zmodyfikowała rekord (P)
- LUBL M/JD
-
- d
- Instytucja, która zmodyfikowała rekord (P)
- KR U/42KJs
|
|
041 -Język dokumentu [0, ]
|
-
- a
- Język tekstu (P)
- polski
-
- a
- Język tekstu (P)
- angielski
|
|
044 -Kraj miejsca wydania [ , ]
|
-
- a
- Kraj miejsca wydania
- Polska
-
- a
- Kraj miejsca wydania
- Wielka Brytania po 1988
|
|
942 -Rodzaj dokumentu [ , ]
|
-
- c
- Rodzaj dokumentu
- Książka
|
|
245 -Strefa tytułu i oznaczenia odpowiedzialności [0,0]
|
-
- a
- Tytuł
- Wielki słownik polsko-angielski =
-
- b
- Ciąg dalszy tytułu (NP)
- Polish-English dictionary /
-
- c
- Pozostałe elementy strefy tytułu i oznaczenia odpowiedzialności (NP)
- red. nacz. Jadwiga Linde-Usiekniewicz ; red. nauk. Emma Harris, Kazimierz Polański, okresowo Zygmunt Saloni ; aut. haseł Paweł Beręsewicz [et al.].
|
|
246 -Wariant tytułu [3,1]
|
-
- a
- Tytuł (NP)
- Polish-English dictionary
|
|
246 -Wariant tytułu [1,3]
|
-
- a
- Tytuł (NP)
- Wielki słownik polsko-angielski PWN-Oxford
|
|
246 -Wariant tytułu [1,3]
|
-
- a
- Tytuł (NP)
- Polish-English dictionary PWN-Oxford
|
|
246 -Wariant tytułu [1,8]
|
-
- a
- Tytuł (NP)
- Polish - wielki słownik polsko-angielski PWN-Oxford
|
|
250 -Strefa wydania [ , ]
|
-
- a
- Oznaczenie wydania (NP)
- Wyd. 1, dodr. 5.
|
|
260 -Strefa adresu wydawniczego [ , ]
|
-
- a
- Miejsce wydania (P)
- Warszawa :
-
- b
- Nazwa wydawcy (P)
- Wydawnictwo Naukowe PWN ;
-
- a
- Miejsce wydania (P)
- [Oxford] :
-
- b
- Nazwa wydawcy (P)
- Oxford University Press,
-
|
|
700 -Hasło dodatkowe - nazwa osobowa [1, ]
|
-
- a
- Nazwa osobowa (NP)
- Linde-Usiekniewicz, Jadwiga.
-
- e
- Określenie rodzaju współpracy
- Red.
-
|
|
700 -Hasło dodatkowe - nazwa osobowa [1, ]
|
-
- a
- Nazwa osobowa (NP)
- Harris, Emma.
-
- e
- Określenie rodzaju współpracy
- Red.
-
|
|
700 -Hasło dodatkowe - nazwa osobowa [1, ]
|
-
- a
- Nazwa osobowa (NP)
- Polański, Kazimierz
-
- d
- Daty biograficzne (NP)
- (1929-2009).
-
- e
- Określenie rodzaju współpracy
- Red.
-
|
|
700 -Hasło dodatkowe - nazwa osobowa [1, ]
|
-
- a
- Nazwa osobowa (NP)
- Saloni, Zygmunt
-
- d
- Daty biograficzne (NP)
- (1938- ).
-
- e
- Określenie rodzaju współpracy
- Red.
-
|
|
700 -Hasło dodatkowe - nazwa osobowa [1, ]
|
-
- a
- Nazwa osobowa (NP)
- Beręsewicz, Paweł
-
- d
- Daty biograficzne (NP)
- (1970- ).
-
|
|
710 -Hasło dodatkowe - nazwa ciała zbiorowego [2, ]
|
-
- a
- Nazwa ciała zbiorowego lub nazwa geograficzna jako pierwszy element (NP)
- Wydawnictwo Naukowe PWN.
-
-
|